Les 20 villes les plus peuplées de la Creuse (23) - Statistiques

Statistiques générales
  • Ce quiz a été pris 34 fois
  • Le résultat moyen est 9 sur 20
Statistiques - réponses
HINT HINT ANSWER % Correct
12 814 G Guéret
100%
3 036 A Aubusson
92%
4 928 L La Souterraine
83%
2 408 B Bourganeuf
63%
1 239 B Boussac
58%
1 552 F Felletin
58%
1 565 G Gouzon
50%
1 442 A Ahun
46%
2 531 S Sainte-Feyre
46%
1 153 A Auzances
42%
1 729 S Saint-Vaury
42%
1 086 D Dun-le-Palestel
38%
1 285 É Évaux-les-Bains
38%
1 901 S Saint-Sulpice-le-Guérétois
38%
1 354 B Bonnat
33%
1 182 L Le Grand-Bourg
25%
1 079 S Saint-Fiel
25%
1 433 F Fursac
17%
1 126 S Saint-Maurice-la-Souterraine
17%
1 134 S Saint-Dizier-Masbaraud
4%
Aucun quiz correspondant
Distribution des résultats
% des personnes avec chaque résultat
Percentile par nombre de réponses
Votre historique - résultats
Vous n’avez pas pris ce quiz